MARC

LEADER 00000nam0a2200000 4500
001 267512
005 20231101234103.0
035 |a (RuTPU)RU\TPU\book\290569 
090 |a 267512 
100 |a 20140730d1985 km y0rusy50 ca 
101 1 |a rus  |c jpn 
102 |a RU 
105 |a a z 001zy 
200 1 |a Вибрационное резание  |e пер. с яп.  |f Д. Кумабэ 
210 |a Москва  |c Машиностроение  |d 1985 
215 |a 424 с.  |c ил. 
320 |a Библиогр.: с. 417-420. 
606 1 |a Резание металлов, вибрационное  |x Электрическое моделирование  |2 stltpush  |3 (RuTPU)RU\TPU\subj\24564  |9 48886 
610 1 |a вибрационное резание 
610 1 |a колебания 
610 1 |a направление 
610 1 |a особенности 
610 1 |a способы 
610 1 |a вибрационные приводы 
610 1 |a колебательные системы 
610 1 |a проектирование 
610 1 |a изготовление 
610 1 |a цилиндрические поверхности 
610 1 |a плоские поверхности 
610 1 |a отверстия 
610 1 |a обработка 
610 1 |a резьба 
610 1 |a нарезание 
610 1 |a канавки 
610 1 |a обработка давлением 
675 |a 621.9.04  |v 3 
700 1 |a Кумабэ  |b Д.  |g Дзюнъитиро 
801 1 |a RU  |b 63413507  |c 20140730 
801 2 |a RU  |b 63413507  |c 20151106  |g RCR 
942 |c BK